| 000 | 00411nam a2200169Ia 4500 | ||
|---|---|---|---|
| 003 | GCL | ||
| 008 | 140319s9999 xx 000 0 eng d | ||
| 040 |
_aGCL / _cGCL |
||
| 082 | 0 | 4 |
_a709 _bG S |
| 100 | 1 | _aGOMBRISH, E.H | |
| 245 | 1 | 0 |
_aTHE STORY OF ART / _cGOMBRISH, E.H |
| 260 |
_a[S.N] : _bPHAIDON PRESS, LTD. ، _c1995 |
||
| 300 | _a688 P | ||
| 650 | 0 | 4 | _aARTS |
| 650 | 0 | 4 | _aART - HISTORY |
| 942 |
_2ddc _cBK |
||
| 999 |
_c13550 _d13550 |
||